| 000 | 00669cam a2200229 a 4500 | ||
|---|---|---|---|
| 001 | 1004584 | ||
| 005 | 20180215051354.0 | ||
| 008 | 870330s1987 msu s001 0 eng | ||
| 010 | _a 87010425 | ||
| 020 | _a0878053131 (alk. paper) | ||
| 020 | _a087805314X (pbk. : alk. paper) | ||
| 040 |
_aDLC _cDLC _dDLC |
||
| 041 | _aeng | ||
| 043 |
_an-us--- _ae-uk--- |
||
| 080 | _a361.6 | ||
| 082 | 0 | 0 |
_a361.6 WAL _219 |
| 100 | _a52 | ||
| 101 | _aEKO | ||
| 245 | 0 | 0 |
_aPolitical economy : _cedited by Jerold L. Waltman and Donley T. Studlar. |
| 906 |
_a7 _bcbc _corignew _d1 _eocip _f19 _gy-gencatlg |
||
| 942 |
_2ddc _cBK |
||
| 999 |
_c42640 _d42640 |
||